000 00635nam a2200181Ia 4500
008 090123s9999 xx 000 0 und d
082 _b17206
100 _aगोडबोले मंगला श्रीनिवास
245 _aकंुपण आणि आकाश
250 _a0
260 _bराजहंस
300 _a112
600 _aगोडबोले मंगला श्रीनिवास
630 _aकंुपण आणि आकाश
700 _aगोडबोले मंगला श्रीनिवास
730 _aकंुपण आणि आकाश
942 _cBOOK
999 _c55266
_d55266